[Event "?"]
[Site "?"]
[Date "????.??.??"]
[Round "?"]
[White "Mikheev, S."]
[Black "Kovalenko, V."]
[Result "1/2-1/2"]
[WhiteElo "2296"]
[BlackElo "2068"]
[PlyCount "80"]
[EventDate "2015.??.??"]

1. d4 Nf6 2. c4 g6 3. Nc3 Bg7 4. e4 d6 5. Nf3 O-O 6. Be2 e5 7. O-O exd4 8. Nxd4
Re8 9. f3 Nc6 10. Be3 Nh5 11. Qd2 Nf4 12. Rfd1 Nxd4 13. Bxd4 Bxd4+ 14. Qxd4 Qg5
15. Bf1 Qc5 16. Qxc5 dxc5 17. Nd5 Nxd5 18. Rxd5 b6 19. Kf2 Be6 20. Rd2 Kf8 21.
Rad1 Ke7 22. g3 Red8 23. Rxd8 Rxd8 24. Rxd8 Kxd8 25. Ke3 Ke7 26. e5 a5 27. Bd3
f6 28. exf6+ Kxf6 29. b3 h6 30. h4 Bd7 31. Be4 a4 32. f4 a3 33. Kf3 h5 34. Ke3
c6 35. Kd2 b5 36. Kc3 b4+ 37. Kd2 Be8 38. Ke3 Bd7 39. Bf3 Be6 40. Kd3 Bf5+
1/2-1/2

[Event "?"]
[Site "?"]
[Date "????.??.??"]
[Round "?"]
[White "Tsapalin, S."]
[Black "Varezhkin, V."]
[Result "1-0"]
[WhiteElo "2060"]
[BlackElo "2267"]
[PlyCount "119"]
[EventDate "2015.??.??"]

1. d4 Nf6 2. c4 c5 3. d5 b5 4. cxb5 a6 5. b6 g6 6. a4 a5 7. Nc3 Qxb6 8. e4 d6
9. Bb5+ Nfd7 10. Nf3 Bg7 11. O-O O-O 12. Bg5 Qd8 13. Qd2 Na6 14. Bh6 Nb4 15.
Bxg7 Kxg7 16. Rfe1 f6 17. h4 h6 18. Ra3 Ne5 19. Nxe5 fxe5 20. Ne2 e6 21. dxe6
Bxe6 22. Rg3 Qe7 23. h5 g5 24. f4 exf4 25. Nxf4 Bf7 26. e5 dxe5 27. Qc3 Na2 28.
Qxe5+ Qxe5 29. Rxe5 Nb4 30. Ne6+ Bxe6 31. Rxe6 Rf6 32. Re7+ Kf8 33. Re5 Rd8 34.
Rge3 Nd5 35. Re8+ Rxe8 36. Rxe8+ Kf7 37. Ra8 Nf4 38. Rxa5 g4 39. Ra7+ Kf8 40.
Ra8+ Kg7 41. Bc4 Nxh5 42. Rg8+ Kh7 43. Rxg4 Rd6 44. b3 Nf6 45. Rf4 Kg6 46. a5
Kg5 47. Rf1 Rd7 48. a6 h5 49. Ra1 Ra7 50. Ra5 Kf4 51. Rxc5 Rd7 52. Ra5 Rd1+ 53.
Bf1 Ng4 54. Ra2 Ne3 55. Rf2+ Ke4 56. b4 Rb1 57. b5 Kd5 58. b6 Ra1 59. a7 Kc5
60. Rf8 1-0

[Event "?"]
[Site "?"]
[Date "????.??.??"]
[Round "?"]
[White "Messalla, J."]
[Black "Gedgafov, C."]
[Result "1-0"]
[WhiteElo "2057"]
[BlackElo "2243"]
[PlyCount "145"]
[EventDate "2015.??.??"]

1. e4 c5 2. Nc3 e6 3. d3 Nc6 4. g3 g6 5. Bg2 Bg7 6. Be3 Nd4 7. f4 d6 8. Nf3 Ne7
9. Bxd4 cxd4 10. Ne2 Qb6 11. Qc1 Bd7 12. O-O Rc8 13. Kh1 O-O 14. c4 dxc3 15.
bxc3 Rc7 16. Qd2 Rfc8 17. Rab1 Qa6 18. Rfc1 Rc5 19. Rc2 Ra5 20. d4 Bb5 21. Nc1
Bc4 22. e5 d5 23. Ne1 b6 24. Ned3 Bf8 25. Bh3 Ra3 26. Nf2 Bf1 27. Bg4 Rc7 28.
Ne2 Bxe2 29. Bxe2 Qc8 30. Rbc1 Qb7 31. Ng4 b5 32. Nf6+ Kh8 33. Ne8 Rc6 34. Bd3
Ng8 35. Qe2 a6 36. h4 Qc8 37. Nd6 Qd7 38. h5 Bxd6 39. exd6 Qxd6 40. hxg6 hxg6
41. Qg4 Kg7 42. Qh3 b4 43. Rh2 Kf8 44. Qh8 Qe7 45. Qe5 Raxc3 46. Rxc3 Rxc3 47.
Rh7 Rxd3 48. Qg7+ Ke8 49. Rh8 Kd7 50. Qxg8 Kc6 51. Qb8 Qb7 52. Rc8+ Kb6 53.
Qd6+ Ka5 54. Rb8 Rd1+ 55. Kh2 Rd2+ 56. Kh3 Qxb8 57. Qxb8 Rxa2 58. Qb7 Rc2 59.
Kg4 Rc4 60. Kf3 Rxd4 61. Ke3 Rc4 62. Kd2 Rc3 63. g4 Rc5 64. Qxf7 b3 65. Qxg6
Kb4 66. Qb1 a5 67. g5 a4 68. g6 a3 69. g7 a2 70. Qg1 Rc2+ 71. Kd3 Rc3+ 72. Kd2
Rc8 73. Qb6+ 1-0

[Event "?"]
[Site "?"]
[Date "????.??.??"]
[Round "?"]
[White "Strzelecki, J."]
[Black "Chomu Clement, M."]
[Result "1-0"]
[WhiteElo "2063"]
[BlackElo "2120"]
[PlyCount "89"]
[EventDate "2015.??.??"]

1. Nf3 d5 2. d4 Nf6 3. c4 c5 4. cxd5 Nxd5 5. Nc3 e6 6. e4 Nxc3 7. bxc3 Be7 8.
Bd3 O-O 9. O-O Nc6 10. Be3 b6 11. d5 Na5 12. c4 Qc7 13. Rc1 exd5 14. exd5 Bg4
15. h3 Bh5 16. Bxh7+ Kxh7 17. Ng5+ Bxg5 18. Qxh5+ Bh6 19. Bxh6 gxh6 20. Qf5+
Kg7 21. Rc3 Qe7 22. Re3 Qd6 23. Rfe1 Kh8 24. Rg3 Nxc4 25. Qg4 Rg8 26. Qxc4 Rxg3
27. fxg3 Qxg3 28. Re2 Rg8 29. Kh1 Rg6 30. a4 Rf6 31. Kg1 Qd6 32. Rd2 Rf4 33.
Qc3+ f6 34. Qe3 Kg7 35. Qg3+ Kf7 36. Rf2 Qxd5 37. Qxf4 Qd1+ 38. Kh2 Qd8 39.
Qxh6 Qd4 40. Qf4 Qd8 41. g4 Kg7 42. h4 Qe7 43. g5 fxg5 44. hxg5 a6 45. Qf6+ 1-0

[Event "?"]
[Site "?"]
[Date "????.??.??"]
[Round "?"]
[White "Gerasimov, A."]
[Black "Smirnov, A."]
[Result "0-1"]
[WhiteElo "2189"]
[BlackElo "2446"]
[PlyCount "102"]
[EventDate "2015.??.??"]

1. d4 Nf6 2. c4 e6 3. Nc3 Bb4 4. f3 d5 5. a3 Bxc3+ 6. bxc3 c5 7. cxd5 exd5 8.
e3 c4 9. g4 O-O 10. Ne2 Nc6 11. Bg2 Na5 12. O-O Nb3 13. Ra2 b5 14. g5 Ne8 15.
e4 a5 16. Be3 Ra6 17. Ng3 Nc7 18. e5 b4 19. axb4 Nb5 20. Qc2 axb4 21. Rxa6 Bxa6
22. Ne2 Bc8 23. f4 Na3 24. Qa2 Bf5 25. cxb4 Nc2 26. Bf2 Bd3 27. Nc3 Nxb4 28.
Qa4 Bxf1 29. Kxf1 Qa5 30. Qxa5 Nxa5 31. Bxd5 Nxd5 32. Nxd5 Rb8 33. Nc3 Rb3 34.
Be1 Nc6 35. d5 Nd4 36. Bd2 Nf3 37. Ke2 Nd4+ 38. Kd1 Kf8 39. d6 Ke8 40. h4 g6
41. Ke1 Nf3+ 42. Ke2 Rb2 43. Kxf3 Rxd2 44. Ke4 Kd7 45. h5 gxh5 46. Kf5 h4 47.
Kf6 h3 48. Kxf7 Rxd6 49. f5 h2 50. e6+ Kc6 51. e7 Rd7 0-1

[Event "?"]
[Site "?"]
[Date "????.??.??"]
[Round "?"]
[White "Chojnowski, M."]
[Black "Eremin, A."]
[Result "1-0"]
[WhiteElo "2015"]
[BlackElo "2201"]
[PlyCount "137"]
[EventDate "2015.??.??"]

1. e4 c5 2. Nf3 Nc6 3. Bb5 g6 4. O-O Bg7 5. Re1 e6 6. c3 a6 7. Bf1 Nge7 8. d4
cxd4 9. cxd4 d5 10. e5 Nf5 11. Nc3 Qb6 12. Na4 Qa7 13. Be3 b5 14. Rc1 Nxe3 15.
fxe3 Nxe5 16. Nxe5 Bxe5 17. dxe5 bxa4 18. Qxa4+ Bd7 19. Qa3 Qb6 20. Rc3 Rf8 21.
Rec1 f6 22. Rc7 Rf7 23. exf6 Rxf6 24. R1c6 Qb8 25. Qc3 Qd8 26. Rb6 Rf7 27. Rbb7
Rc8 28. Bxa6 Rxc7 29. Qxc7 Qxc7 30. Rxc7 Kd8 31. Rc3 Rf6 32. b4 e5 33. b5 d4
34. exd4 exd4 35. Rd3 Rd6 36. a4 Kc7 37. a5 Bf5 38. b6+ Kb8 39. Rd2 d3 40. g4
Be4 41. Kf2 Rd5 42. Ke3 Rxa5 43. Bxd3 Bc6 44. Be4 Re5 45. Rd4 Re6 46. Kf4 Bxe4
47. Rxe4 Rxb6 48. Re8+ Kc7 49. Re7+ Kd8 50. Rxh7 Ke8 51. Ra7 Kf8 52. h4 Rb5 53.
Rh7 Kg8 54. Re7 Ra5 55. Re5 Ra4+ 56. Kg5 Kf7 57. Rb5 Kg7 58. Rb7+ Kg8 59. Rb6
Kh7 60. Rb7+ Kg8 61. Rc7 Rb4 62. Rc6 Kh7 63. Rf6 Ra4 64. Rf7+ Kg8 65. Rf4 Ra6
66. Kh6 Rb6 67. Rc4 Kf7 68. Rf4+ Kg8 69. g5 1-0

[Event "?"]
[Site "?"]
[Date "????.??.??"]
[Round "?"]
[White "Yarmonov, I."]
[Black "Kasimov, R."]
[Result "1-0"]
[WhiteElo "2375"]
[BlackElo "2159"]
[PlyCount "57"]
[EventDate "2015.??.??"]

1. d4 Nf6 2. Nf3 e6 3. Nbd2 d5 4. e3 Be7 5. Bd3 Nbd7 6. O-O O-O 7. e4 dxe4 8.
Nxe4 Nxe4 9. Bxe4 Nf6 10. Bd3 b6 11. Qe2 Bb7 12. Rd1 h6 13. c4 Bd6 14. Bc2 Qe7
15. Ne5 c5 16. dxc5 Bxc5 17. Bf4 Rad8 18. b3 Rxd1+ 19. Rxd1 Rd8 20. Nd3 Bd6 21.
Bxd6 Qxd6 22. Nc5 Qxd1+ 23. Bxd1 bxc5 24. f3 Rd4 25. Bc2 Nd7 26. Qe3 a5 27. Qc3
g6 28. Qxa5 e5 29. Qc7 1-0

[Event "?"]
[Site "?"]
[Date "????.??.??"]
[Round "?"]
[White "Scerbin, D."]
[Black "Mackowiak, M."]
[Result "0-1"]
[WhiteElo "2368"]
[BlackElo "2140"]
[PlyCount "90"]
[EventDate "2015.??.??"]

1. e4 e6 2. d4 d5 3. e5 c5 4. c3 Nc6 5. Nf3 Qb6 6. a3 a5 7. Bd3 Bd7 8. O-O cxd4
9. cxd4 Nxd4 10. Nxd4 Qxd4 11. Nc3 Qb6 12. Qg4 h5 13. Qe2 Ne7 14. Be3 d4 15.
Nb5 Bxb5 16. Bxb5+ Nc6 17. Bg5 Be7 18. Bxc6+ bxc6 19. Bxe7 Kxe7 20. Rac1 c5 21.
Rfd1 Rad8 22. Qe4 Rd5 23. b4 axb4 24. axb4 Qxb4 25. Qh4+ f6 26. Qg3 Rg8 27. Rb1
Qa4 28. Rb7+ Rd7 29. Rdb1 Qc6 30. exf6+ Kxf6 31. Rxd7 Qxd7 32. Qf4+ Kg6 33.
Qe4+ Kh6 34. Rb6 Re8 35. Qf4+ Kh7 36. Qe4+ Kg8 37. Rb7 Ra8 38. h3 Ra1+ 39. Kh2
Qd5 40. Rb8+ Kf7 41. Rb7+ Kf6 42. Qf4+ Qf5 43. Qd2 Qe5+ 44. f4 Qe1 45. Qd3 h4
0-1

[Event "?"]
[Site "?"]
[Date "????.??.??"]
[Round "?"]
[White "Kononov, V."]
[Black "Wassin, S."]
[Result "0-1"]
[WhiteElo "2096"]
[BlackElo "2290"]
[PlyCount "54"]
[EventDate "2015.??.??"]

1. Nf3 c5 2. e3 g6 3. d4 Bg7 4. Be2 Nf6 5. O-O b6 6. c3 Bb7 7. Nbd2 O-O 8. a4
a6 9. Qb3 d6 10. dxc5 dxc5 11. Qc2 Qc7 12. Re1 Nbd7 13. Bf1 Bc6 14. e4 e6 15.
Ng5 b5 16. b3 Ng4 17. Ndf3 h6 18. Nh3 Nde5 19. Bf4 Nxf3+ 20. gxf3 Ne5 21. Bg2
bxa4 22. bxa4 Qa5 23. Rec1 Rad8 24. Bxe5 Bxe5 25. f4 Bxc3 26. Qxc3 Rd1+ 27. Bf1
Qxc3 0-1

[Event "?"]
[Site "?"]
[Date "????.??.??"]
[Round "?"]
[White "Grigorchuk, S."]
[Black "Gerasimova, O."]
[Result "1-0"]
[WhiteElo "2278"]
[BlackElo "2058"]
[PlyCount "85"]
[EventDate "2015.??.??"]

1. d4 Nf6 2. c4 g6 3. Nc3 d5 4. cxd5 Nxd5 5. e4 Nxc3 6. bxc3 Bg7 7. Nf3 c5 8.
Be3 O-O 9. Qd2 Qa5 10. Rc1 cxd4 11. cxd4 Qxd2+ 12. Kxd2 Rd8 13. d5 Nc6 14. Ke1
Ne5 15. Nxe5 Bxe5 16. f4 Bg7 17. Kf2 e6 18. Bc4 exd5 19. Bxd5 Be6 20. Bxe6 fxe6
21. Rc7 e5 22. f5 gxf5 23. exf5 Rd5 24. Rhc1 e4 25. g4 Rb5 26. a4 Rb2+ 27. R1c2
Rb4 28. R7c4 a5 29. Bd2 Rxc4 30. Rxc4 Be5 31. h4 Bf6 32. g5 Rd8 33. Be3 Be5 34.
Rxe4 Rd5 35. Kf3 Kf7 36. Bf4 Bc3 37. Rc4 Be1 38. Ke4 Rd7 39. h5 Re7+ 40. Be5
Bg3 41. g6+ hxg6 42. hxg6+ Ke8 43. Rc8+ 1-0

[Event "?"]
[Site "?"]
[Date "????.??.??"]
[Round "?"]
[White "Dukaczewski, P."]
[Black "Hoffmann, R."]
[Result "1-0"]
[WhiteElo "2261"]
[BlackElo "2048"]
[PlyCount "73"]
[EventDate "2015.??.??"]

1. e4 c5 2. Nf3 d6 3. c3 Nf6 4. Bd3 Nc6 5. Bc2 Bg4 6. h3 Bh5 7. d3 e6 8. Be3
Qc7 9. Nbd2 d5 10. g4 Bg6 11. Qe2 O-O-O 12. Bg5 Be7 13. O-O-O Rhe8 14. Rhe1 d4
15. cxd4 cxd4 16. Kb1 Kb8 17. Rc1 e5 18. Ba4 Bb4 19. Rc4 Bxd2 20. Qxd2 Rc8 21.
Rec1 Nxe4 22. Qc2 Nxg5 23. Nxg5 Red8 24. Bxc6 bxc6 25. Qb3+ Ka8 26. Rxc6 Qxc6
27. Rxc6 Rxc6 28. Nxf7 Rdc8 29. a4 Rc5 30. Nd6 Rb8 31. Qd1 a6 32. h4 h6 33. h5
Bh7 34. Qf3+ Ka7 35. Qf7+ Kb6 36. Nc4+ Kc6 37. Qe6+ 1-0

[Event "?"]
[Site "?"]
[Date "????.??.??"]
[Round "?"]
[White "Mikhalionak, Al"]
[Black "Miozga, T."]
[Result "0-1"]
[WhiteElo "1617"]
[BlackElo "1995"]
[PlyCount "48"]
[EventDate "2015.??.??"]

1. d4 d5 2. Nf3 Nf6 3. e3 c6 4. c4 e6 5. Nc3 Nbd7 6. Bd3 Be7 7. O-O dxc4 8.
Bxc4 b5 9. Bd3 Bb7 10. Qc2 O-O 11. Ne4 Rc8 12. Nc5 Nxc5 13. dxc5 a5 14. a3 a4
15. Bd2 h6 16. Bb4 Nd5 17. Bd2 Qc7 18. Rfd1 Rcd8 19. Bb4 Bf6 20. Ra2 Bc8 21. h3
e5 22. Be2 Be6 23. Raa1 Nxb4 24. axb4 Bb3 0-1

[Event "?"]
[Site "?"]
[Date "????.??.??"]
[Round "?"]
[White "Kaydanovich, M."]
[Black "Checiak, K."]
[Result "0-1"]
[WhiteElo "1831"]
[BlackElo "2102"]
[PlyCount "126"]
[EventDate "2015.??.??"]

1. d4 Nf6 2. c4 c5 3. d5 e6 4. Nc3 exd5 5. cxd5 d6 6. Nf3 Be7 7. e4 O-O 8. Be2
a6 9. a4 Ng4 10. Bf4 f5 11. e5 dxe5 12. Nxe5 Bd6 13. Nxg4 Bxf4 14. Ne3 Bxe3 15.
fxe3 Qg5 16. O-O Qxe3+ 17. Kh1 Nd7 18. Qb3 Nf6 19. Bf3 Qe8 20. Rfe1 Qf7 21. Qb6
Nd7 22. Qc7 Qe6 23. Rad1 Qb6 24. Qxb6 Nxb6 25. d6 Bd7 26. b3 Rae8 27. Bxb7 a5
28. Re7 Be6 29. Re1 Bf7 30. Nb5 Rd8 31. R1e3 c4 32. bxc4 Nxc4 33. Rd3 Nb6 34.
Rd4 Be8 35. Nc7 Bd7 36. Ne6 Bxe6 37. Rxe6 Rfe8 38. Rxe8+ Rxe8 39. h3 Rd8 40.
Bc6 Kf7 41. Bd5+ Kf6 42. Bb3 Ke5 43. Rd2 Rxd6 44. Rxd6 Kxd6 45. Kg1 g5 46. Bc2
Ke5 47. Kf2 h5 48. Ke3 Nd5+ 49. Kf2 h4 50. Kf3 Nf4 51. Bb1 Ne6 52. Ke3 g4 53.
hxg4 fxg4 54. Be4 Nd4 55. Kd3 Ne6 56. Bc6 Kf4 57. Kc4 Kg3 58. Kb5 Nd4+ 59. Kc5
Nxc6 60. Kxc6 Kxg2 61. Kb5 h3 62. Kxa5 h2 63. Kb6 h1=Q 0-1

[Event "?"]
[Site "?"]
[Date "????.??.??"]
[Round "?"]
[White "Krajinski, L."]
[Black "Gründer, M."]
[Result "0-1"]
[WhiteElo "1683"]
[BlackElo "1999"]
[PlyCount "68"]
[EventDate "2015.??.??"]

1. c4 g6 2. Nc3 Bg7 3. d4 d6 4. e4 Nc6 5. Be3 e5 6. Nge2 Nh6 7. Qd2 Ng4 8. Bg5
f6 9. Bh4 O-O 10. h3 Nh6 11. g4 Nf7 12. Nd5 g5 13. Bg3 Nxd4 14. Bg2 Ne6 15. O-O
Nf4 16. Rad1 Be6 17. b3 c6 18. Ne3 Qc7 19. Qc2 Rfd8 20. Kh2 Bf8 21. Rfe1 Nh8
22. f3 Nhg6 23. Bf1 Rd7 24. Rd2 Rad8 25. Nc3 h5 26. Nf5 Rh7 27. Ne2 hxg4 28.
fxg4 Bxf5 29. exf5 Nxe2 30. Rexe2 Nf4 31. Bxf4 gxf4 32. Re4 Rh5 33. Rd3 d5 34.
Re2 e4 0-1

[Event "?"]
[Site "?"]
[Date "????.??.??"]
[Round "?"]
[White "Tillmann, M."]
[Black "Lebedev, S."]
[Result "1-0"]
[WhiteElo "2039"]
[BlackElo "1854"]
[PlyCount "33"]
[EventDate "2015.??.??"]

1. d4 d5 2. c4 c6 3. Nf3 Bf5 4. Nc3 e6 5. cxd5 cxd5 6. Qb3 b6 7. Bf4 Nf6 8. Nb5
Na6 9. Qa4 Bb4+ 10. Nc3+ Kf8 11. Qxa6 Rc8 12. Bd2 Ne4 13. Nxe4 Bxd2+ 14. Nexd2
Rc2 15. e3 Qc7 16. Rd1 Rxb2 17. Qa3+ 1-0

[Event "?"]
[Site "?"]
[Date "????.??.??"]
[Round "?"]
[White "Napierala, M."]
[Black "Sponheim, M."]
[Result "0-1"]
[WhiteElo "1722"]
[BlackElo "2024"]
[PlyCount "40"]
[EventDate "2015.??.??"]

1. e4 c5 2. f4 d5 3. e5 Nc6 4. Nf3 h5 5. b3 Bg4 6. h3 Bxf3 7. Qxf3 e6 8. Bb2 g6
9. Bb5 Rc8 10. Nc3 h4 11. Ne2 Nge7 12. g4 hxg3 13. Nxg3 a6 14. Be2 Nd4 15. Bxd4
cxd4 16. c4 dxc3 17. dxc3 Qa5 18. b4 Qa3 19. Kd2 Qb2+ 20. Kd3 Qxc3# 0-1

[Event "?"]
[Site "?"]
[Date "????.??.??"]
[Round "?"]
[White "Zabolotny, V."]
[Black "Karpova, M."]
[Result "1-0"]
[WhiteElo "2018"]
[BlackElo "1781"]
[PlyCount "63"]
[EventDate "2015.??.??"]

1. c4 Nf6 2. g3 g6 3. b3 Bg7 4. Bb2 O-O 5. Bg2 d6 6. d4 Nbd7 7. Nf3 c5 8. Nc3
Rb8 9. O-O b6 10. Re1 Bb7 11. e4 cxd4 12. Nxd4 Ne5 13. Qd2 Nc6 14. Nd5 Nxd4 15.
Bxd4 Ng4 16. Bxg7 Kxg7 17. Qd4+ Kg8 18. f4 e5 19. Qd2 Nf6 20. Nc3 a6 21. Rad1
Ne8 22. fxe5 b5 23. exd6 bxc4 24. bxc4 Qb6+ 25. Qd4 Qa5 26. Re2 Ng7 27. e5 Ne6
28. Qe3 Bxg2 29. Kxg2 Rbc8 30. Nd5 Rxc4 31. Qh6 Qd8 32. Nf6+ 1-0

[Event "?"]
[Site "?"]
[Date "????.??.??"]
[Round "?"]
[White "Nerlikar, S."]
[Black "Strekalovski, V."]
[Result "1-0"]
[WhiteElo "1479"]
[BlackElo "1939"]
[PlyCount "53"]
[EventDate "2015.??.??"]

1. d4 Nf6 2. c4 e5 3. dxe5 Ne4 4. Nf3 Nc6 5. a3 a5 6. Nbd2 Nc5 7. Nb3 Ne6 8.
Bd2 b6 9. Bc3 Bb7 10. e3 Be7 11. Be2 O-O 12. O-O Re8 13. Qc2 Bf8 14. Rad1 a4
15. Nc1 Ng5 16. Qf5 Nxf3+ 17. Bxf3 Re6 18. Bd5 Qe8 19. Bxe6 fxe6 20. Qg4 h5 21.
Qe2 Qg6 22. f4 d6 23. exd6 Bxd6 24. Rf3 Bf8 25. Rg3 Qf7 26. Rg5 Bc5 27. Rxg7+
1-0

[Event "?"]
[Site "?"]
[Date "????.??.??"]
[Round "?"]
[White "Raibl, Z."]
[Black "Misic, A."]
[Result "1-0"]
[WhiteElo "1987"]
[BlackElo "1719"]
[PlyCount "119"]
[EventDate "2015.??.??"]

1. e4 e5 2. Nf3 Nc6 3. Bc4 Bc5 4. O-O h6 5. c3 Nf6 6. d4 exd4 7. e5 Nh7 8. cxd4
Bb6 9. d5 Ne7 10. d6 Ng6 11. Qd3 Nhf8 12. Nc3 Ne6 13. Rd1 O-O 14. Bxe6 Nxe5 15.
Nxe5 fxe6 16. Nf3 cxd6 17. Qxd6 Qf6 18. Be3 Qg6 19. Qg3 Qxg3 20. hxg3 Bxe3 21.
fxe3 d5 22. e4 dxe4 23. Nxe4 b6 24. Nd6 Ba6 25. Re1 Rf6 26. Rad1 Raf8 27. a4
Rg6 28. Kf2 Rg4 29. Re4 h5 30. Rdd4 Rxe4 31. Rxe4 Rf6 32. Re5 g6 33. b4 Bd3 34.
Nc8 Bc2 35. Nxa7 Bxa4 36. Nc8 b5 37. Nd6 Kh7 38. Nxb5 Kh6 39. Nbd4 Bd7 40. Ke3
Bc8 41. b5 Bb7 42. Rxe6 Rf8 43. Nh4 Bd5 44. Nxg6 Rf7 45. Rd6 h4 46. Nf4+ Kh7
47. Rxd5 hxg3 48. Rh5+ Kg7 49. Rg5+ Kh7 50. Rxg3 Rb7 51. Nfe6 Rb6 52. Rg7+ Kh8
53. Rc7 Kg8 54. Rc6 Rb7 55. b6 Rb8 56. Nc5 Kf8 57. b7 Ke7 58. Rc8 Rxb7 59. Nxb7
Kd7 60. Rc1 1-0

[Event "?"]
[Site "?"]
[Date "????.??.??"]
[Round "?"]
[White "Koenig, J."]
[Black "Zimmer, R."]
[Result "0-1"]
[WhiteElo "1640"]
[BlackElo "1985"]
[PlyCount "57"]
[EventDate "2015.??.??"]

1. d4 d5 2. Nf3 Nf6 3. Bg5 e6 4. e3 c5 5. c3 Nc6 6. Bd3 Bd6 7. Nbd2 h6 8. Bh4
O-O 9. O-O e5 10. dxe5 Bxe5 11. Nxe5 Nxe5 12. Be2 b6 13. Nf3 Nxf3+ 14. Bxf3 g5
15. Bg3 Ba6 16. Re1 Re8 17. h4 Qd7 18. e4 g4 19. e5 gxf3 20. exf6 fxg2 21. Kxg2
d4 22. Qh5 Kh7 23. Kh2 Re6 24. Qg4 Rg8 25. Qf5+ Kh8 26. Re5 Bc8 27. Qh5 Rxf6
28. Rae1 Qh3+ 29. Kg1 0-1

[Event "?"]
[Site "?"]
[Date "????.??.??"]
[Round "?"]
[White "Wirth, A."]
[Black "Scheffner, J."]
[Result "1-0"]
[WhiteElo "1964"]
[BlackElo "1675"]
[PlyCount "55"]
[EventDate "2015.??.??"]

1. e4 e6 2. Qe2 Nc6 3. Nf3 Bc5 4. c3 Nge7 5. d4 Bb6 6. g3 d5 7. Nbd2 Bd7 8. Bg2
dxe4 9. Nxe4 Nf5 10. O-O Qe7 11. b3 O-O-O 12. a4 h5 13. Ba3 Qe8 14. b4 a5 15.
b5 Nce7 16. Rfd1 h4 17. c4 f6 18. c5 Ba7 19. b6 cxb6 20. g4 Bxa4 21. gxf5 Bxd1
22. Rxd1 Nxf5 23. Rc1 Kb8 24. cxb6 Bxb6 25. Qb2 Qa4 26. Qxb6 Nxd4 27. Bd6+ Ka8
28. Qxd4 1-0

[Event "?"]
[Site "?"]
[Date "????.??.??"]
[Round "?"]
[White "Aleksandrova, A."]
[Black "Mekus, M."]
[Result "0-1"]
[WhiteElo "1931"]
[BlackElo "1628"]
[PlyCount "63"]
[EventDate "2015.??.??"]

1. d4 Nf6 2. Nd2 g6 3. e4 d6 4. Be2 Bg7 5. c3 O-O 6. Qc2 Nbd7 7. Ndf3 e5 8.
dxe5 dxe5 9. Bg5 c6 10. Rd1 Qc7 11. h3 Re8 12. Be3 Nh5 13. g3 Nf8 14. Bd3 Ne6
15. Ne2 b6 16. Bc4 Bb7 17. O-O Rad8 18. Nd2 Qc8 19. Kh2 Ba6 20. Bxa6 Qxa6 21.
Rfe1 Rd7 22. Nc1 Red8 23. Nf3 Qc8 24. Rxd7 Qxd7 25. Qa4 c5 26. Qa6 Qc7 27. Qe2
Qc8 28. Nd2 Qb7 29. Rf1 Bf6 30. f4 exf4 31. gxf4 Qe7 32. Kh1 0-1

[Event "?"]
[Site "?"]
[Date "????.??.??"]
[Round "?"]
[White "Ulpins, H."]
[Black "Krause, S."]
[Result "0-1"]
[WhiteElo "1125"]
[BlackElo "1926"]
[PlyCount "80"]
[EventDate "2015.??.??"]

1. e4 c5 2. Nf3 Nc6 3. d4 cxd4 4. Nxd4 g6 5. Nc3 Bg7 6. Be3 Nf6 7. f3 O-O 8.
Qd2 d5 9. exd5 Nb4 10. Bc4 Nfxd5 11. O-O-O Nxc3 12. Qxc3 Nd5 13. Qd2 Nxe3 14.
Qxe3 Qb6 15. c3 e5 16. Nc2 Qc7 17. Bb3 a5 18. Qe4 Rb8 19. a4 b5 20. axb5 Rxb5
21. Ba4 Rc5 22. g4 Rc4 23. Qd3 Rxa4 24. Na3 Ba6 25. Qc2 Rf4 26. Qg2 Qc6 27. Rd2
Rxf3 28. Kb1 e4 29. Nc2 Bd3 30. Kc1 Bxc2 31. Kxc2 e3 32. Re2 Qe4+ 33. Kc1 Rd8
34. Rhe1 Rf4 35. Qg3 Rxg4 36. Qc7 Qd5 37. Rf1 Ra4 38. Kb1 Qd3+ 39. Rc2 Qxf1+
40. Rc1 Qd3+ 0-1

[Event "?"]
[Site "?"]
[Date "????.??.??"]
[Round "?"]
[White "Flock, D."]
[Black "Kohnen, K."]
[Result "1/2-1/2"]
[WhiteElo "1867"]
[BlackElo "1510"]
[PlyCount "120"]
[EventDate "2015.??.??"]

1. e4 c5 2. Nf3 Nc6 3. Bb5 Qc7 4. Nc3 e6 5. Bxc6 Qxc6 6. Qe2 Nf6 7. d4 d5 8. e5
Nd7 9. O-O a6 10. Be3 Be7 11. Qd2 b5 12. Ne2 Nb6 13. b3 Bd7 14. c3 O-O 15. Bg5
Bxg5 16. Nxg5 h6 17. Nh3 f6 18. f4 Be8 19. Qe3 Nd7 20. f5 fxe5 21. fxe6 Rxf1+
22. Rxf1 cxd4 23. cxd4 Qxe6 24. Ng3 e4 25. Nf4 Qf7 26. Nfe2 Nf6 27. Nf5 Qe6 28.
Qg3 Nh5 29. Qg4 Ra7 30. Nf4 Nxf4 31. Qxf4 Rf7 32. Qe5 Bd7 33. Qxe6 Bxe6 34. Ne3
Rxf1+ 35. Kxf1 Kf7 36. b4 Kf6 37. Kf2 g5 38. a3 g4 39. g3 Kg5 40. Ng2 h5 41.
Ke3 Bf7 42. Nf4 h4 43. Ne2 hxg3 44. hxg3 Be8 45. Nc3 Bc6 46. Nb1 Kf5 47. Nd2
Kg5 48. Nb3 Bb7 49. Nc5 Bc8 50. Nb3 Bb7 51. Nc5 Bc8 52. a4 bxa4 53. Nxa4 Bd7
54. Nb6 Bc6 55. Nc8 Bb5 56. Nd6 Bc6 57. Nf7+ Kf5 58. Ne5 Be8 59. Kd2 Bb5 60.
Ke3 Be8 1/2-1/2

[Event "?"]
[Site "?"]
[Date "????.??.??"]
[Round "?"]
[White "Myronenko, N."]
[Black "Saraf, S."]
[Result "1-0"]
[WhiteElo "1901"]
[BlackElo "1579"]
[PlyCount "57"]
[EventDate "2015.??.??"]

1. e4 e5 2. Bc4 Nf6 3. d3 h6 4. Nf3 Nc6 5. c3 Be7 6. O-O O-O 7. Re1 d6 8. Bb3
Na5 9. Bc2 c5 10. d4 cxd4 11. cxd4 exd4 12. Nxd4 Nc6 13. Nf5 Bxf5 14. exf5 Re8
15. Nc3 Bf8 16. Bf4 Rxe1+ 17. Qxe1 Qb6 18. Bb3 Nd4 19. Nd5 Nxd5 20. Bxd5 Nc2
21. Bxf7+ Kh8 22. Qc3 Nxa1 23. Bxh6 d5 24. Bg5 Kh7 25. Qh3+ Qh6 26. Bxh6 gxh6
27. f6 Rd8 28. Qg4 d4 29. Qg8# 1-0

[Event "?"]
[Site "?"]
[Date "????.??.??"]
[Round "?"]
[White "Sponheim, M."]
[Black "Scerbin, D."]
[Result "1/2-1/2"]
[WhiteElo "2024"]
[BlackElo "2368"]
[PlyCount "121"]
[EventDate "2015.??.??"]

1. e4 c5 2. Nf3 e6 3. d4 cxd4 4. Nxd4 Bc5 5. Nb3 Bb6 6. c4 Ne7 7. Nc3 O-O 8.
Bf4 d5 9. exd5 exd5 10. cxd5 Ng6 11. Bg3 f5 12. Bxb8 Rxb8 13. Qd2 Re8+ 14. Be2
Qh4 15. O-O Nf4 16. g3 Nxe2+ 17. Nxe2 Qf6 18. h4 Bd7 19. Rfe1 Re4 20. Kg2 Rf8
21. Nf4 Rfe8 22. Rac1 Rxe1 23. Rxe1 Rxe1 24. Qxe1 Qxb2 25. Nd3 Qf6 26. Nbc5
Bxc5 27. Nxc5 Qd6 28. Nxd7 Qxd5+ 29. Kh2 Qxd7 30. Qe5 a6 31. h5 h6 32. Kh3 Kf7
33. f3 b5 34. g4 fxg4+ 35. fxg4 Qe6 36. Qd4 Qc6 37. Kg3 Qc7+ 38. Kh3 Qc6 39.
Kg3 Qe6 40. a3 Qb3+ 41. Kh4 Qe6 42. Kg3 Qe1+ 43. Kh3 Qe6 44. Kg3 Qb3+ 45. Kh4
Qxa3 46. Qd5+ Ke7 47. Qe5+ Kd7 48. Qf5+ Kc7 49. Qf7+ Kb6 50. Qxg7 Qc1 51. g5
Qf4+ 52. Kh3 Qd6 53. Kh4 Qf4+ 54. Kh3 hxg5 55. h6 Qf3+ 56. Kh2 g4 57. Qg6+ Ka5
58. Qd6 Qf2+ 59. Kh1 Qf1+ 60. Kh2 Qf2+ 61. Kh1 1/2-1/2

[Event "?"]
[Site "?"]
[Date "????.??.??"]
[Round "?"]
[White "Gedgafov, C."]
[Black "Tillmann, M."]
[Result "1-0"]
[WhiteElo "2243"]
[BlackElo "2039"]
[PlyCount "85"]
[EventDate "2015.??.??"]

1. d4 e6 2. c4 Nf6 3. Nc3 c5 4. d5 exd5 5. cxd5 d6 6. e4 g6 7. Bd3 Bg7 8. Nge2
O-O 9. O-O Na6 10. Bg5 h6 11. Bh4 g5 12. Bg3 Nc7 13. f3 a6 14. a4 b6 15. Rb1
Re8 16. b4 Nh5 17. Bf2 Nf4 18. Qd2 Nxd3 19. Qxd3 a5 20. b5 Bd7 21. g4 Be5 22.
Kg2 Qf6 23. h4 Kg7 24. Ng3 Bxg3 25. Bxg3 gxh4 26. Bh2 Rg8 27. Rbe1 Rae8 28. Kh1
Qg6 29. Nd1 Kh7 30. Ne3 Rg7 31. Rg1 Reg8 32. Nc4 Na8 33. Nxd6 Kh8 34. Nc4 f6
35. Qd2 h5 36. gxh5 Qxh5 37. Qf2 Bh3 38. Rxg7 Rxg7 39. Rg1 Rd7 40. Bf4 Kh7 41.
Kh2 Bf5 42. exf5 Rxd5 43. Rg4 1-0

[Event "?"]
[Site "?"]
[Date "????.??.??"]
[Round "?"]
[White "Eremin, A."]
[Black "Zabolotny, V."]
[Result "1-0"]
[WhiteElo "2201"]
[BlackElo "2018"]
[PlyCount "128"]
[EventDate "2015.??.??"]

1. e4 e5 2. Nf3 Nc6 3. Bb5 a6 4. Ba4 Nf6 5. O-O Be7 6. Re1 b5 7. Bb3 d6 8. c3
O-O 9. h3 Nb8 10. d4 Nbd7 11. Nbd2 Bb7 12. Bc2 Re8 13. Nf1 Bf8 14. Ng3 g6 15.
b3 c5 16. d5 Qc7 17. a4 c4 18. b4 a5 19. bxa5 Rxa5 20. Ba3 bxa4 21. Bb4 Ra6 22.
Rxa4 Rea8 23. Rxa6 Bxa6 24. Nf1 Nc5 25. N3d2 Nfd7 26. Ne3 Nb6 27. Qb1 Bh6 28.
Ba5 Ncd7 29. Qb4 Bxe3 30. fxe3 Rb8 31. Rb1 Kg7 32. Kf2 Rb7 33. Qa3 Qb8 34. Bb4
Ra7 35. Bxd6 Qe8 36. Nf3 f6 37. Qa5 Qa8 38. Ra1 Qc8 39. Qb4 Ra8 40. Ba4 Ra7 41.
Bc6 g5 42. Bc5 Nxc5 43. Qxb6 Nxe4+ 44. Ke1 Rf7 45. Qxa6 Qf5 46. Qxc4 h5 47. Ra4
Ng3 48. Kf2 h4 49. e4 Qf4 50. Qd3 Qc1 51. Qd2 Qf1+ 52. Ke3 Qb1 53. Rb4 Qa1 54.
Qc2 Qa7+ 55. Kd2 Qc5 56. Rb7 Qf2+ 57. Kc1 Ne2+ 58. Kb2 Qxg2 59. Rxf7+ Kxf7 60.
Ne1 Qf2 61. Bb5 Qxe1 62. Qxe2 Qg1 63. d6 Ke6 64. d7 Qb6 1-0